| 000 | 00560cam a2200193 i 4500 | ||
|---|---|---|---|
| 999 |
_c550 _d550 |
||
| 020 | _a0201018861 | ||
| 050 | 0 | 0 |
_aQH345 _b.E1 |
| 100 | 1 | _aEmbree, Harland D. | |
| 245 | 1 | 0 |
_aIntroduction to the chemistry of life / _cHarland D. Embree, Harold J. DeBey. |
| 250 | _a2d ed. | ||
| 260 |
_aReading, Mass. : _bAddison-Wesley Pub. Co., _c[1975] |
||
| 300 |
_axiv, 275-769 p. : _bill. ; _c24 cm. |
||
| 500 | _aincludes index | ||
| 650 | 0 | _aBiochemistry. | |
| 650 | 0 | _aChemistry, Organic. | |
| 700 | 1 | _aDeBey, Harold J., | |
| 700 | 1 | _aWilliams, Arthur L., | |
| 942 | _cBK | ||